• 首页
  • 本馆介绍
  • 公告通知
  • 最新文献
  • 馆藏检索
  • 电子资源
  • 读者导购
  • 参考咨询
  • 我的图书馆
  • 登录
  • 详细信息显示
  • 放入我的书架
  • 预约/预借图书
  • 作者相关作品
  • 分类相关作品
  • 丛书相关作品
  • 出版社相关作品

书目信息

  • 表格格式
  • 工作单格式
  • 卡片格式
题名:
日本美妆品购物攻略
    
 
作者: 郑世彬 著
分册:  
出版信息: 北京   人民邮电出版社  2017
页数: 231页
开本: 24cm
丛书名:
单 册:
中图分类: F767.9
科图分类:
主题词: 化妆品--选购
电子资源:
ISBN: 978-7-115-45317-4
000 01026nam0 2200241 450
001 012001002687
005 20140926114740.0
010    @a978-7-115-45317-4@dCNY69.80
100    @a20170619d2017 em y0chiy50 ea
101 0  @achi
102    @aCN@b110000
105    @aa z 000yy
106    @ar
200 1  @a日本美妆品购物攻略@9ri ben mei zhuang pin gou wu gong lue@e终极推荐版@f郑世彬著
210    @a北京@c人民邮电出版社@d2017
215    @a231页@c图@d24cm
305    @a由台湾晶冠出版有限公司授权出版
330    @a本书作者远赴日本实地采访,亲身试用后以“平实专业”的角度分析,从美妆、彩妆、发妆、保养品、护齿品、香氛、零食、育儿用品、家居杂货、美容家电等多方面,为读者整理了日本美妆店与药妆店新的资讯和必买品种,还制作了面膜、美容家电、居家清洁用品以及北海道与奈良美妆品特辑,并对资生堂、花王、雪肌精、高丝、菊正宗、肌研、ORBIS、FANCL等知名品牌进行了终极推荐。
606 0  @a化妆品@x选购
690    @aF767.9@v5
701  0 @a郑世彬@9zheng shi bin@4著
801  0 @aCN@b上海新华@c20180901
905    @b1161307-11@dF767.9@e61@f5
    
    日本美妆品购物攻略:终极推荐版/郑世彬著.-北京:人民邮电出版社,2017
    231页:图;24cm
    
    
    ISBN 978-7-115-45317-4:CNY69.80
    本书作者远赴日本实地采访,亲身试用后以“平实专业”的角度分析,从美妆、彩妆、发妆、保养品、护齿品、香氛、零食、育儿用品、家居杂货、美容家电等多方面,为读者整理了日本美妆店与药妆店新的资讯和必买品种,还制作了面膜、美容家电、居家清洁用品以及北海道与奈良美妆品特辑,并对资生堂、花王、雪肌精、高丝、菊正宗、肌研、ORBIS、FANCL等知名品牌进行了终极推荐。
●
相关链接 在E读中查询图书 在五车中查询图书 在当当中查询图书 在豆瓣中查询图书


正题名:日本美妆品购物攻略     索取号:F767.9/61         预约/预借

序号 登录号 条形码 馆藏地/架位号 状态 备注
1 1161307   211613075   第一样本阅览室/ [索取号:F767.9/61] 在馆    
2 1161308   211613084   第一借阅区/ [索取号:F767.9/61] 在馆    
3 1161309   211613093   第一借阅区/ [索取号:F767.9/61] 在馆    
4 1161310   211613100   密集书库-海洋学院/ [索取号:F767.9/61] 在馆    
5 1161311   211613119   第一借阅区/ [索取号:F767.9/61] 在馆    
唐山师范学院图书馆 欢迎您!
大连网信软件有限公司© 版权所有